[Event "CFriend CP-2005-P-00030"]
[Site "Chessfriend.com"]
[Date "2005.10.01"]
[Round "1"]
[White "Kumar, Abhay"]
[Black "Mekschrat, Christoph"]
[Result "1-0"]
[WhiteElo "870"]
[BlackElo "1800"]
[PlyCount "29"]
[EventDate "2005.??.??"]
[EventType "tourn (corr)"]
[EventRounds "4"]
[SourceTitle "Corr 2024"]
[Source "ChessBase"]
[SourceDate "2023.10.19"]
[SourceVersion "1"]
[SourceVersionDate "2023.10.19"]
[SourceQuality "1"]

1. e4 d5 2. exd5 Qxd5 3. Nc3 Qd6 4. Nf3 Nf6 5. Bc4 a6 6. 0-0 b5 7. Bb3 Bb7 8. a3 e6 9. d4 c5 10. dxc5 Qxd1 11. Rxd1 Bxf3 12. gxf3 Bxc5 13. Be3 Nbd7 14. Bf4 g5 15. Bxg5 1-0

[Event "IECG TE.2001.P.00602 email"]
[Site "IECG email"]
[Date "2001.03.20"]
[Round "?"]
[White "Mekschrat, Christoph"]
[Black "Tritar, Kamel"]
[Result "1/2-1/2"]
[WhiteElo "1800"]
[BlackElo "2150"]
[PlyCount "47"]
[EventDate "2001.03.20"]
[EventType "tourn (corr)"]
[EventRounds "12"]
[SourceTitle "Corr 2008"]
[Source "ChessBase"]
[SourceDate "2008.06.24"]
[SourceVersion "1"]
[SourceVersionDate "2008.06.24"]
[SourceQuality "1"]

1. e4 c5 2. d4 cxd4 3. c3 dxc3 4. Nxc3 Nc6 5. Nf3 e6 6. Bc4 Nf6 7. e5 Ng4 8. Qe2 d6 9. Bf4 dxe5 10. Nxe5 Ngxe5 11. Bxe5 Bd7 12. Rd1 Nxe5 13. Qxe5 Qf6 14. Qc7 Bc6 15. 0-0 Bb4 16. Bb5 0-0 17. Bxc6 bxc6 18. Qxc6 Rfc8 19. Qa6 Bxc3 20. Rc1 h6 21. bxc3 Rxc3 22. Qb7 Rd8 23. Rxc3 Qxc3 24. Qxa7 1/2-1/2

[Event "IECG TE.2001.P.00602 email"]
[Site "IECG email"]
[Date "2001.03.20"]
[Round "?"]
[White "Tritar, Kamel"]
[Black "Mekschrat, Christoph"]
[Result "1/2-1/2"]
[WhiteElo "2150"]
[BlackElo "1800"]
[PlyCount "33"]
[EventDate "2001.03.20"]
[EventType "tourn (corr)"]
[EventRounds "12"]
[SourceTitle "Corr 2008"]
[Source "ChessBase"]
[SourceDate "2008.06.24"]
[SourceVersion "1"]
[SourceVersionDate "2008.06.24"]
[SourceQuality "1"]

1. e4 c5 2. d4 cxd4 3. c3 dxc3 4. Nxc3 Nc6 5. Nf3 g6 6. Bc4 Bg7 7. 0-0 d6 8. Bf4 Nf6 9. h3 0-0 10. Qd2 Be6 11. Bxe6 fxe6 12. Bh6 Rc8 13. Bxg7 Kxg7 14. Rfd1 e5 15. Rac1 Qa5 16. a3 Nh5 17. Qe3 1/2-1/2

[Event "DESC SE005 email"]
[Site "DESC email"]
[Date "1999.12.18"]
[Round "?"]
[White "Mekschrat, Christoph"]
[Black "Helbig, Andreas"]
[Result "0-1"]
[WhiteElo "1200"]
[BlackElo "1200"]
[PlyCount "26"]
[EventDate "1999.??.??"]
[EventType "tourn (corr)"]
[EventRounds "6"]
[EventCountry "GER"]
[SourceTitle "Corr 2004"]
[Source "ChessBase"]
[SourceDate "2003.04.28"]
[SourceVersion "3"]
[SourceVersionDate "2003.04.28"]
[SourceQuality "1"]

1. e4 c6 2. d4 d5 3. exd5 cxd5 4. c4 dxc4 5. Bxc4 Nf6 6. Nf3 e6 7. 0-0 Be7 8. Nc3 Nbd7 9. Bg5 Nb6 10. Bb3 0-0 11. Re1 Nfd5 12. h4 Bxg5 13. hxg5 Bd7 0-1